000 00573nam a2200205Ia 4500
003 GCL
008 140319s9999 xx 000 0 ara d
040 _aGCL /
_cGCL
082 0 4 _a414
_bر ر
100 1 _aاحمد النادى شعلة
245 1 0 _aروضة الفصاحة /
_cاحمد النادى شعلة
700 1 _aالرازى
700 1 _aزين الدين محمد بن ابى بكر
490 _a100 قصة
_v0
650 0 4 _aالادب العربى
650 0 4 _aالعلم
650 0 4 _aالبلاغة
650 0 4 _aالرازى
942 _2ddc
_cBK
999 _c43455
_d43455